000 00801nam a2200313Ia 4500
005 20260121124518.0
008 008 260114s9999 xx 000 0 eng d
020 _a9780226820545
037 _aEBOOK
040 _aCRL
040 _beng
040 _cCRL
041 _2eng
041 _aeng
084 _qCRL
100 _aRicoeur, PaulTaylor, George H.
_9977245
245 0 _aLectures on Imagination
260 _bWalter de Gruyter
260 _bWalter de Gruyter
260 _c2024
650 _aPhilosophy
_9977246
700 _a Amalric, Jean-Luc
_9977247
700 _a Crosby, Patrick F.
_9977248
700 _a Sweeney, Robert D.
_9977249
856 _uhttp://www.degruyter.com/isbn/9780226820545
942 _cEBOOK
999 _c1555137
_d1555137